| 000 | 00658nam a2200205 i 4500 | ||
|---|---|---|---|
| 001 | 18744 | ||
| 003 | ES-MaACL | ||
| 005 | 20230906151919.0 | ||
| 007 | t| | ||
| 008 | 020219s1996 sp a |||| | spa d | ||
| 020 | _a84-7719-576-5 | ||
| 080 | _a911.375(460.181 L.) | ||
| 100 | 1 |
_aReguera Rodríguez, Antonio T. _995935 |
|
| 245 | 1 | 3 |
_aLa ciudad de León _b: espacios y tiempos / _cAntonio T. Reguera Rodríguez. |
| 260 |
_aLeón : _bUniversidad de León, Secretariado de Publicaciones, _c1996. |
||
| 300 |
_a355 p : _bil ; _c24 cm. |
||
| 651 | 4 |
_aLeón- _xGeografía urbana. _98910 |
|
| 710 | 2 |
_aUniversidad de León. _97200 |
|
| 852 |
_aES-MaACL _jL-25321 |
||
| 999 |
_c18744 _d18744 |
||